000 00708nam a2200205 a 4500
001 000019362
005 20200929170008.0
008 100626s1989 cu r 000 p spa d
040 _aDO-SdBNP
_bspa
_cBNPHU
082 _a861.44
_bG216d
100 1 _aGarcía Celestrín, Heliodoro,
_d1914-
_941603
245 1 0 _aDespues del conuco /
_cHeliodoro García Celestrín ; prólogo Raúl Ferrer.
260 _aLa Habana :
_bUnión de Escritores y Artistas de Cuba,
_c1989.
300 _a130 p. ;
_c18 cm.
500 _aIncluye datos biográficos del autor en la contracubierta.
650 4 _aPoesía cubana
_95226
650 4 _aLiteratura cubana
_91483
700 1 _aFerrer, Raúl,
_epról.
_941604
049 _aBNGR
999 _c18879
_d18879